LIBRARY & INFORMATION CENTRE, KCAET, TAVANUR

ONLINE PUBLIC ACCESS CATALOGUE (OPAC)

How to avoid errors in English / (Record no. 5703)

MARC details
000 -LEADER
fixed length control field 00497cam a2200193ua 4500
041 ## - LANGUAGE CODE
Language code of text/sound track or separate title eng
082 ## - DEWEY DECIMAL CLASSIFICATION NUMBER
Classification number 428
Item number FOW/HO
100 ## - MAIN ENTRY--AUTHOR NAME
Personal name Fowler, Allen .
245 ## - TITLE STATEMENT
Title How to avoid errors in English /
250 ## - EDITION STATEMENT
Edition statement 10 /
260 ## - PUBLICATION, DISTRIBUTION, ETC. (IMPRINT)
Place of publication Mumbai :
Name of publisher D B Taraporevala sons & Co. Pvt. Ltd. ,
Year of publication 1965.
300 ## - PHYSICAL DESCRIPTION
Number of Pages 112 ; .
700 1# - ADDED ENTRY--PERSONAL NAME
Personal name Subrahmaniyam Aiyer, S .
942 ## - ADDED ENTRY ELEMENTS (KOHA)
Koha item type Books
Holdings
Withdrawn status Lost status Damaged status Home library Current library Date acquired Full call number Accession Number Koha item type Public note
Withdrawn     KAUAET KAUAET 13/11/2023 428 FOW/HO 11008 Books  
Withdrawn     KAUAET Malayalam University 07/04/2012 428 8560 Books Transferred to Malayalam University
free website counter